|
|
|
|
| LEADER |
00000nab#a22000007a#4500 |
| 001 |
arbauad030546 |
| 003 |
AR-BaUAD |
| 005 |
20250711112505.0 |
| 008 |
980324|||||||||###||||||b###|0###a|spa|| |
| 040 |
|
|
|a AR-BaUAD
|c AR-BaUAD
|b spa
|
| 100 |
|
|
|a Benedito, Marcel
|
| 245 |
|
|
|a Interni Spagna :
|b Il mobile spagnolo sui mercati internazionali /
|c Marcel Benedito;
|
| 300 |
0 |
|
|b fot.
|
| 653 |
|
|
|a ESPAÑA
|
| 653 |
|
|
|a AMAT 3
|
| 653 |
|
|
|a ANDREU WORLD
|
| 653 |
|
|
|a BLAUET
|
| 653 |
|
|
|a B-LUX
|
| 653 |
|
|
|a CARPYEN
|
| 653 |
|
|
|a GRASSOLER
|
| 653 |
|
|
|a INDECASA
|
| 653 |
|
|
|a LA MEDITERRANEA
|
| 653 |
|
|
|a MARSET
|
| 653 |
|
|
|a PEROBELL
|
| 653 |
|
|
|a PUNT MOBLES
|
| 653 |
|
|
|a SANTA-COLE
|
| 653 |
|
|
|a SCARABAT
|
| 653 |
|
|
|a STUA
|
| 653 |
|
|
|a MUEBLES
|
| 653 |
|
|
|a ARTEFACTOS
|
| 653 |
|
|
|a ILUMINACION
|
| 653 |
|
|
|a DISEÑO INDUSTRIAL
|
| 773 |
0 |
|
|t INTERNI
|g no. 477 [ene.-feb. 1998], p. 77-94
|
| 942 |
|
|
|c ARTI
|
| 952 |
|
|
|0 0
|1 0
|4 0
|7 0
|9 75465
|a AR-BAuAD
|b AR-BAuAD
|d 2025-07-11
|l 0
|p AAQA030546
|r 2025-07-11 11:25:05
|w 2025-07-11
|y ARTI
|
| 990 |
|
|
|a DI199
|b TD
|
| 998 |
|
|
|a AAQ
|b BIBUN76
|
| 999 |
|
|
|c 55138
|d 55138
|